REHABILITATION OF THE SPINE (Record no. 4340)

MARC details
000 -LEADER
fixed length control field 00356nam a2200145Ia 4500
008 - FIXED-LENGTH DATA ELEMENTS--GENERAL INFORMATION
fixed length control field 150201s1996 xx 000 0 und d
082 ## - DEWEY DECIMAL CLASSIFICATION NUMBER
Classification number 617.3
Item number R1996L
100 ## - MAIN ENTRY--PERSONAL NAME
Personal name LIEBENSON
245 ## - TITLE STATEMENT
Title REHABILITATION OF THE SPINE
250 ## - EDITION STATEMENT
Edition statement 1ST
260 ## - PUBLICATION, DISTRIBUTION, ETC. (IMPRINT)
Name of publisher, distributor, etc. WILLIAM & WILKINS
Place of publication, distribution, etc. PHILADELPHIA
Date of publication, distribution, etc. 1996
300 ## - PHYSICAL DESCRIPTION
Extent 1-432
650 ## - SUBJECT ADDED ENTRY--TOPICAL TERM
Topical term or geographic name as entry element PHYSIOTHERAPY
942 ## - ADDED ENTRY ELEMENTS (KOHA)
Source of classification or shelving scheme Dewey Decimal Classification
Koha item type Books
Holdings
Withdrawn status Lost status Source of classification or shelving scheme Damaged status Not for loan Home library Current library Date acquired Source of acquisition Cost, normal purchase price Serial Enumeration / chronology SGTU Bill Number Total Checkouts Full call number Barcode Date last seen Bill Date Koha item type
    Dewey Decimal Classification     SGT Dental Library SGT Dental Library 03/07/2009 D.B.S.DELHI 1800.00 1 SGTU 2463   617.3 R1996L FD5851 09/02/2015 25/02/2013 Books